000
00245nam a22000977a 4500
999
_c
11788
_d
11788
008
200217b ||||| |||| 00| 0 eng d
020
_a
0893755710
100
_a
Bains Rae
_9
7471
245
_a
Wonders of Rivers
260
_a
USA
_b
Troll Associates
_c
1982